MARC

LEADER 00000nam2a2200000 4500
001 328789
005 20231102004110.0
035 |a (RuTPU)RU\TPU\book\354489 
035 |a RU\TPU\book\322059 
090 |a 328789 
100 |a 20170222d1979 k y0rusy50 ca 
101 0 |a rus 
102 |a BY 
105 |a a z 001zy 
200 0 |a Вып. 2 
210 |d 1979 
215 |a 133 с.  |c ил. 
320 |a Библиогр. в конце ст. 
461 1 |0 (RuTPU)RU\TPU\book\110879  |t Приборостроение  |o республиканский межведомственный сборник научных трудов  |f Белорусский политехнический институт  |v Вып. 2  |d 1978-1991 
606 1 |a Приборостроение  |2 stltpush  |3 (RuTPU)RU\TPU\subj\71978  |9 85626 
610 1 |a приборы 
610 1 |a проектирование 
610 1 |a измерения 
610 1 |a средства измерений 
610 1 |a параметры 
610 1 |a изделия 
610 1 |a линейные размеры 
610 1 |a спиральные сверла 
610 1 |a шлифовальные круги 
610 1 |a гидротрансформаторы 
610 1 |a шариковинтовые механизмы 
610 1 |a пространственные механизмы 
610 1 |a зрительные анализаторы 
610 1 |a фотолабораторные работы 
610 1 |a абразивная обработка 
610 1 |a ультразвуковые колебания 
610 1 |a термическое расширение 
610 1 |a качество 
610 1 |a кардановы подшипники 
610 1 |a шариковинтовые механизмы 
675 |a 681.2  |v 4 
801 1 |a RU  |b 63413507  |c 20110611 
801 2 |a RU  |b 63413507  |c 20171214  |g RCR 
942 |c BK